=LDR 00000nam 2200000 4500 =001 INLIS000000000002786 =005 20200827115409 =035 ##$$a 0010-061300000002786 =008 200827################g##########0#ind## =041 ##$$a Ind =082 ##$$a 2X6 =090 ##$$a 2X6, Lan s =100 1#$$a Lang, Jeffrey =245 1#$$a Struggling to surrender : $b Pergumulan menuju kepasrahan, kesan - kesan seorang mualaf Amerika /$c Jeffrey Lang ; Penerjemah Ekana Priangga =260 ##$$a Jakarta :$b Serambi Ilmu Semesta,$c 2000 =300 ##$$a 301 hlm. ; $c 15 x 23 cm. =650 #4$$a Sosial dan Budaya Islam =850 ##$$a NBPNMAT =084 ##$$a 2X6 LAN s =700 #$$a Priangga, Ekana =990 ##$$a DW00013030 =990 ##$$a 158.321 pb.2000